NBA 15 best scorers of all-time - Statistics

General Stats
  • This quiz has been taken 319 times
  • The average score is 9 of 15
Answer Stats
# Players % Correct
4 LeBron James
99%
2 Michael Jordan
94%
5 Kareem Abdul-Jabbar
90%
3 Kobe Bryant
87%
9 Stephen Curry
79%
1 Kevin Durant
75%
7 James Harden
61%
6 Larry Bird
57%
10 Allen Iverson
44%
8 Dirk Nowitzki
39%
11 Hakeem Olajuwon
37%
15 Dwyane Wade
36%
12 Carmelo Anthony
34%
13 Charles Barkley
16%
14 Bernard King
4%
No matching quizzes found
Score Distribution
Percent of People with Each Score
Percentile by Number Answered
Your Score History
You have not taken this quiz